| 000 | 00500nam a2200181 a 4500 | ||
|---|---|---|---|
| 001 | ES-MaREB00264506-7 | ||
| 003 | OSt | ||
| 005 | 20161104103154.0 | ||
| 008 | 020226s1996 esp 001 spa d | ||
| 040 |
_cCRI _aBMC |
||
| 082 | _a030 | ||
| 245 | 0 | 0 | _aLibro almanaque escuela para todos 1995 |
| 260 |
_aCosta Rica _bGrupo editorial Escuela para todos _c1995 |
||
| 300 |
_a176 p. _bil. col. _c20 cm |
||
| 490 | _aEscuela para todos | ||
| 650 | 2 | 4 |
_932392 _aAlmanaques |
| 942 |
_2ddc _cBK _hahoj |
||
| 999 |
_c26448 _d26448 |
||